000 00670nam a22002057a 4500
003 OSt
005 20140310182839.0
008 130608t xxu||||| |||| 00| 0 eng d
020 _a9789710090297
050 _aDS 63.1
_b.R813 2009
082 _aM 956.054
_bR813 2009
245 _aInside the revolution
_bHow the followers of Jihad, Jefferson and Jesus are battling to dominate the Middle East and transform the World
_cRosenberg, Joel C.
260 _aCarol Stream, Ill.
_bTyndale House Publishers, Inc.
_cc2009
300 _axxi, 551 p.
_c24 cm.
521 _aCollege students
526 _c1210L-1700L
541 _j1
562 _e1
942 _2lcc
_cBK
_kM
999 _c16833
_d16833